00446nam a2200181Ia 4500003000400000005001700004008004100021020001800062040000700080041000800087082001300095100004400108245003200152250000600184260004700190300001400237365001300251OSt20230405155938.0210423s2004 xx 000 0 und d a9788131717400 cAL aeng a515 GERC aGERALD (Curtis F);WHEATLEY (Patrick O). aApplied numerical analysis. a7 aNew DelhibPearson Education Pvt Ltdc2004 ax,609bPB b450cINR